000 01286cam a22003617a 4500
003 CHAP
005 20220329141042.0
008 971013s1994 r 00010 d
010 _a61913
011 _a62885
035 _a67061
040 _cCHAP
090 _aTesis
100 0 0 _aCampos Cascaredo, Adolfo.
_918087
245 1 3 _aEl moteado en un suelo bajo clima tropical y formado de materiales volcánicos
_b: un estudio micromorfológico y mineralógico
260 _aMontecillo, Méx. :
_bEl autor,
_c1994
300 _a170 h.
_b: ilus. ; gráfs.
502 _aTesis (M. C. Esp. en Edafología) -- Colegio de Postgraduados. Centro de Edafología
590 _aALEPH
_b10
_c20130110
_lUCH01
_h1344
590 _aBATCH-UPD
_b10
_c20130110
_lUCH01
_h0826
590 _aBATCH-UPD
_b10
_c20130410
_lUCH01
_h0504
590 _aBATCH-UPD
_b10
_c20130914
_lUCH01
_h2038
590 _aCONVERSION
_b10
_c20130109
_lUCH01
_h1333
650 1 4 _aSuelos tropicales.
_9110563
650 1 4 _aSuelos
_xComposición.
_9110280
650 1 4 _aSuelos
_xDegradación.
_9110336
650 1 4 _aSuelos
_xElementos minerales.
_9110356
650 1 4 _aSuelos
_xEstructura.
_9110360
650 1 4 _aSuelos
_xQuímica de.
_9110470
901 _aBK
942 _cTESIS
949 _bBC
_cTES
_d-152300
_eTS1
_h30915
_i67061
_si
999 _c61913
_d61913